000 00749nam a22001697a 4500
008 200122b xxu||||| |||| 00| 0 eng d
020 _a9789988246181
050 _aKRX78.B87 A34(6e)
100 _aAdjei-Mensah, Kwadwo.
245 _aPrinciples of business law: volume 1. /
_cKwadwo Adjei-Mensah.
250 _a6th ed.
260 _aAccra :
_bPresbyterian Press,
_c2018.
300 _axii, 443 pages :
_c24 cm.
500 _aIncludes references.
505 _aContents: The legal system -- Law of contract -- Law of agency -- Sale of goods -- Auction sales law -- Hire-purchase contracts -- Insurance law -- Negotiable instruments -- Business organisation -- Alternative dispute resolution -- Sexual harassment -- Legal terms.
942 _2lcc
_cBK
999 _c6989
_d14489